Normal view
MARC view
- Ahmed, Arslan (362656)
Entry Personal Name
001 - CONTROL NUMBER
- control field: 118358
003 - CONTROL NUMBER IDENTIFIER
- control field: NUST
005 - DATE AND TIME OF LATEST TRANSACTION
- control field: 20231004154821.0
008 - FIXED-LENGTH DATA ELEMENTS
- fixed length control field: 231004|| aca||aabn | a|a d
040 ## - CATALOGING SOURCE
- Original cataloging agency: NUST
- Transcribing agency: NUST
100 ## - HEADING--PERSONAL NAME
- Personal name: Ahmed, Arslan (362656)
670 ## - SOURCE DATA FOUND
- Source citation: Work cat.: (NUST): Ahmed, Arslan (362656) , Comparison ofTechno-Economic Models for Upgrading PV System without Net-Metering Option and Long Term Impact on Energy Bills /
